Countries of the World in 1789 with a Map - Statistics

General Stats
  • This quiz has been taken 67,143 times
    24,971 since last reset
  • The average score is 48 of 505
Answers on the Map
Answers color-coded by a green-red scale on the quiz's map according to % correct below.
 
Answer Stats
Countries % Correct
Great Britain
98%
France
97%
Russia
97%
Spain
97%
China
96%
Portugal
95%
Denmark-Norway
94%
United States
94%
Sweden
92%
Japan
90%
Ottoman Empire
88%
Joseon
87%
Netherlands
86%
Poland-Lithuania
83%
Persia (Qajar dynasty)
82%
Persia (Afsharid dynasty)
81%
Persia (Zand dynasty)
81%
Siam
81%
Habsburg Monarchy
80%
Đại Việt
78%
Morocco
76%
Prussia
73%
Switzerland
70%
Andorra
68%
Sicily
66%
Burma
65%
Algiers
62%
Holy Roman Empire
62%
Tunis
61%
Kazakh Khanate
59%
Sardinia
58%
Gazakh
57%
Venice
57%
Monaco
56%
Naples
56%
Oman
55%
Papal States
55%
Tripolitania
55%
San Marino
54%
Zaidi Imamate
52%
Nepal
48%
Kartli-Kakheti
47%
Ethiopia
45%
Order of St. John
45%
Bhutan
43%
Afghanistan
42%
Genoa
42%
Diriyah
41%
Tuscany
41%
Maldives
40%
Moldavia
40%
Montenegro
40%
Vermont
40%
Fijian Confederacies
36%
Hawaii
35%
34%
Tonga
33%
Samoa
32%
Sine
31%
Brunei
29%
Wallachia
29%
Mughal Empire
28%
Bahrain
25%
Kuwait
23%
Ragusa
21%
Mustang
20%
Rwanda
19%
Baku
18%
Burundi
17%
Bali
16%
Beni Abbas
16%
Kashmir
16%
Parma
16%
Abkhazia
14%
Maravi
14%
Modena
14%
Abu Dhabi
13%
Aceh
13%
Courland and Semigallia
13%
Kong
13%
Lucca
13%
Ossetia
13%
Circassia
12%
Easter Island
12%
Maratha Empire
12%
Sikkim
12%
Swaziland
12%
Tahiti
12%
Benin
11%
Chechnya
11%
Hyderabad
11%
Maui
11%
Kongo
10%
Maguindanao
10%
Ryukyu
10%
Mahra
9%
Sindh
9%
Erivan
8%
Johor
8%
Bukhara
7%
Couto Misto
7%
Kauai
7%
Mysore
7%
Darfur
6%
Kandy
6%
Khiva
6%
Timbuktu
6%
Alo
5%
Ashanti
5%
Bornu
5%
Buganda
5%
Dahomey
5%
Jaipur
5%
Ladakh
5%
Massa
5%
Medri Bahri
5%
Niue
5%
Sama
5%
Sulu
5%
Bora Bora
4%
Jolof
4%
Kaabu
4%
Khundzia
4%
Manipur
4%
Maore
4%
Palembang
4%
Rapa Iti
4%
Sharjah
4%
Shirvan
4%
Aïr
3%
Aussa
3%
Funj
3%
Herat
3%
Jodhpur
3%
Kel Ahaggar
3%
Kokand
3%
Kuba
3%
Lombok
3%
Luba
3%
Lunda
3%
Merina
3%
Mizo
3%
Oudh
3%
Oyo
3%
Quba
3%
Ras al-Khaimah
3%
Tabriz
3%
Twipra
3%
Udaipur
3%
Uvea
3%
Yanina
3%
Ahom
2%
Bade
2%
Bani Khalid
2%
Bhopal
2%
Carnatic Sultanate
2%
Cospaia
2%
Cutch
2%
Derbent
2%
Ganja
2%
Harar
2%
Imereti
2%
Jambi
2%
Kabardia
2%
Kalat
2%
Karabakh
2%
Makran
2%
M'zab
2%
Najran
2%
Nguyễn Lords
2%
Ouaddai
2%
Owo
2%
Perak
2%
Piombino
2%
Scutari
2%
Selangor
2%
Siak
2%
Touggourt
2%
Travancore
2%
Umm Al Quwain
2%
Yao
2%
Adrar
1%
Ambohidratrimo
1%
Ankole
1%
Anziku
1%
Ardabil
1%
Aro
1%
Babungo
1%
Badakhshan
1%
Banjar
1%
Bara
1%
Barotseland
1%
Berat
1%
Bikaner
1%
Boina
1%
Bokhti
1%
Bone
1%
Bono
1%
Bunyoro
1%
Buton
1%
Cayor
1%
Chitral
1%
Dhofar
1%
Dir
1%
Futa Djallon
1%
Futa Toro
1%
Garhwal
1%
Garo
1%
Gazikumukh
1%
Geledi
1%
Gera
1%
Gomma
1%
Guria
1%
Hakkari
1%
Jaintia
1%
Jaisalmer
1%
Kaarta
1%
Kaffa
1%
Kasanje
1%
Kazembe
1%
Kelantan
1%
Kharan
1%
Khasi
1%
Khoy
1%
Kom
1%
Kota
1%
Kumaon
1%
Kunduz
1%
Lahej
1%
Lanao Confederation
1%
Lanfang
1%
Las Bela
1%
Loango
1%
Luwu
1%
Maku
1%
Mbunda
1%
Mingrelia
1%
Nakhchivan
1%
Ndzuwani
1%
Negeri Sembilan
1%
Ngazidja
1%
Noli
1%
Nupe
1%
Pagaruyung
1%
Poljica
1%
Porto-Novo
1%
Raiatea
1%
Rimatara
1%
Rozvi
1%
Rurutu
1%
Sambas
1%
Sarab
1%
Senarica
1%
Shaki
1%
Shewa
1%
Sora
1%
Soran
1%
Sumbawa
1%
Svaneti
1%
Swat
1%
Tabasaran
1%
Talysh
1%
Tarki
1%
Terengganu
1%
Tonk
1%
Torriglia
1%
Trarza
1%
Urmia
1%
Viye
1%
Warsangali
1%
Wogodogo
1%
Zaria
1%
Abeokuta
0%
Abu Arish
0%
Adanse
0%
Agang
0%
Agbor
0%
Aghbari
0%
Aguler
0%
Ahluwalia
0%
Ajasse
0%
Akure
0%
Akusha
0%
Akwa Akpa
0%
Akyem
0%
Alada
0%
Al-Aydarus
0%
Al-Burayki
0%
Al-Gharama
0%
Al-Jawabir
0%
Alwar
0%
Andalal
0%
Antankarana
0%
Aqrabi
0%
Atifi
0%
Audhali
0%
Ba'abbad
0%
Baban
0%
Badibu
0%
Baghirmi
0%
Bahdinan
0%
Bajhang
0%
Bakkara
0%
Bale
0%
Bamana
0%
Bamun
0%
Banswara
0%
Barhimi
0%
Barus
0%
Bayazid
0%
Beda
0%
Beihan
0%
Bethio
0%
Betsimisaraka
0%
Bhangi
0%
Bharatpur
0%
Bibemi
0%
Bin Sumayt
0%
Bin Zayn
0%
Biram
0%
Biu
0%
Bohivato
0%
Bonny
0%
Brakna
0%
Bundi
0%
Bundu
0%
Buraimi
0%
Buren
0%
Chamba
0%
Dagomba
0%
Dallewalia
0%
Damagaram
0%
Darvaz
0%
Daura
0%
Dawro
0%
Diarra
0%
Didoya
0%
Dimasa
0%
Dompu
0%
Donggala
0%
Dosso
0%
Dungarpur
0%
Durdzuki
0%
Dutse
0%
Elisu
0%
Eres
0%
Fada N'Gourma
0%
Fadhli
0%
Fisakana
0%
Fosdinovo
0%
Gcalekaland
0%
Gliji
0%
Gobir
0%
Gojjam
0%
Gumel
0%
Gumma
0%
Gwiriko
0%
Habr Yunis
0%
Hamum
0%
Haushabi
0%
Hawwara
0%
Haynan
0%
Hazara
0%
Huahine
0%
Humaidi
0%
Husn Mutahhar
0%
Ijebu
0%
Ilorin
0%
Indrapura
0%
Isaaq
0%
Isandra
0%
Jandol
0%
Janjero
0%
Javad
0%
Jugu
0%
Jukun
0%
Juledi
0%
Jurabi
0%
Kafiristan
0%
Kakongo
0%
Kalabari
0%
Kalukembe
0%
Kaluli
0%
Kangra
0%
Kanheya
0%
Karadagh
0%
Karakaitag
0%
Karauli
0%
Kasadi
0%
Kebbi
0%
Kénédougou
0%
Khalkhal
0%
Khasso
0%
Kika
0%
Kishangarh
0%
Koena
0%
Kohistan
0%
Konawe
0%
Kura
0%
Kwarafa
0%
Laghouat
0%
Lalangina
0%
Lete
0%
Lower Aulaqi
0%
Lower Yafa
0%
Magba
0%
Mahwali
0%
Makhdumi
0%
Malaspina-Villafranca
0%
Mandara
0%
Mandar Federation
0%
Mangareva
0%
Mankessim
0%
Mansuri
0%
Maragheh
0%
Marand
0%
Matarat
0%
Maymana
0%
Mboum
0%
Menabe
0%
Mogaung
0%
Mpondoland
0%
Mthethwa
0%
Nakai
0%
Ndwandwe
0%
Nembe
0%
Ngoyo
0%
Ngqikaland
0%
Ngwaketse
0%
Ngwato
0%
Nishanvali
0%
Ntem
0%
Nungu
0%
Nyamwezi
0%
Nyani
0%
Nyumi
0%
Nzakara
0%
Ogwashi-Uku
0%
Okrika
0%
Olivola
0%
Ondo
0%
Onitsha
0%
Orungu
0%
Osogbo
0%
Panjgarhia
0%
Paraku
0%
Pekat
0%
Phulkian
0%
Pitu Ulunna Salu
0%
Podenzana-Aulla
0%
Pratapgarh
0%
Ramgarhia
0%
Rizim
0%
Rujai
0%
Rutul
0%
Saloum
0%
Sanggar
0%
Scavolino
0%
Seiyun
0%
Selaparang
0%
Selimbau
0%
Shaheedan
0%
Shahpura
0%
Shamshadil
0%
Shilluk
0%
Shuragel
0%
Sigave
0%
Sigi
0%
Silat
0%
Singhpuria
0%
Sirmur
0%
Sirohi
0%
Sukerchakia
0%
Suket
0%
Sungai Lemau
0%
Tadjourah
0%
Tado
0%
Tagant
0%
Tahuata
0%
Tambora
0%
Tamim
0%
Tawaeli
0%
Tekna
0%
Tenkodogo
0%
Thembuland
0%
Toli-Toli
0%
Toraja
0%
Tresana
0%
Upper Aulaqi (Sheikhdom)
0%
Upper Aulaqi (Sultanate)
0%
Upper Yafa
0%
Vernio
0%
Wadi Hajr
0%
Wahidi
0%
Wajo
0%
Wambu
0%
Warri
0%
Welayta
0%
Wuli
0%
Xiani
0%
Yaka
0%
Yashikira
0%
Yatenga
0%
Yauri
0%
Zachur
0%
No matching quizzes found
Score Distribution
Percent of People with Each Score
Percentile by Number Answered
Your Score History
You have not taken this quiz since the last reset